Aprowizacja ludności Poznania w czasie I wojny światowej

Titel: Aprowizacja ludności Poznania w czasie I wojny światowej / Jin Matsuka
Verfasser:
In: Dzieje najnowsze, Band 35, Heft 4 (2003), Seite 155-159
alle Artikel anzeigen
Veröffentlicht: 2003
Format: Aufsatz
Sprache: Polnisch
Kein Bild verfügbar
X
alg: 39193565
001A    $01999:11-11-16 
001B    $03025:29-05-24 $t12:50:29.000 
001C    $06050:19-11-16 $t09:11:47.000 
001D    $01999:11-11-16 
001U    $0utf8 
001X    $00 
002@    $0Aox 
003@    $0391935658 
007A    $0391935658 $aHEB 
007T    $0Herda00328 
010@    $apol 
011@    $a2003 
021A    $aAprowizacja ludności Poznania w czasie I wojny światowej $hJin Matsuka 
028A    $BVerfasser $#マツカ, ジン $#松家, 仁 $4aut $71331087414 $8Matsuka, Jin$Z1966- [Tp3] $9518710289 
031A    $d35 $e4 $h155-159 $j2003 
039B    $aIn $8--Abvc--. Dzieje najnowsze. - Warszawa {[u.a.] : DiG, 1969-. - ISSN 0419-8824 $x200300000350004845 $9047599731 
045F    $a900.943809041 $eDDC23BSB 
045F/01 $a900 
045F/03 $f09041 
045F/03 $f09042 
045F/03 $f09043 
045F/03 $g438 
045F/03 $g43849 
045T    $a8 

lok: 39193565 78

exp: 39193565 78 1 #EPN
201B/01 $020-11-17 $t23:25:45.000 
201U/01 $0utf8 
203@/01 $078803149X 
208@/01 $a11-11-16 $be 
209A/01 $a/ $f000 $x00 
220C/01 $aTitelaufnehmer: hi 
244Z/01 $2Trx $#Großpolen $#Greater Poland $#Velkopolsko $8--Trx--Wielkopolska $x01 $9391277227 
244Z/01 $2Trx $#Poola $#Lenkija $#Polija $#Polen Land $#Poland $#Lengyelország $#Poľsko $#Polsko $8--Trx--Polska$gkraj $x02 $9391345966 
244Z/01 $#Posen $#Posen $#Posnania $#Posna $#Pozniań $#Miasto Stołeczne Poznań $#Stołeczne Miasto Poznań $#Poznań $74046868-9 $8--Tg1--Posen $x03 $9085130834 
244Z/01 $2Trx $#vaesus $#skurdas $#poverty $#szegénység $#bieda $#chudoba $#chudoba $#ubóstwo $8--Trx--Armut $x04 $9391371622 
244Z/01 $2Trx $#maailmasõda, esimene 1914-1918 $#karas, Pirmasis pasaulinis 1914-1918 $#World War, First 1914-1918 $#világháború, első 1914-1918 $#wojna światowa, pierwsza 1914-1918 $#vojna svetová I. 1914-1918 $#válka první světová 1914-1918 $#Erster Weltkrieg $8--Trx--Weltkrieg, Erster$g1914-1918 $x05 $9391383272 
244Z/01 $2Trx $#rahvastik liikumine ja struktuur $#gyventojai $#population migration, social stratification of the population $#népesség mozgalom és struktúra $#ludność ruch naturalny i struktura $#obyvateľstvo pohyb a štruktúra obyvateľstva $#obyvatelstvo pohyb a struktura obyvatelstva $#Sozialstruktur $#struktura społeczna $8--Trx--Bevölkerung$gBewegung und Struktur $x06 $9391372521 
244Z/01 $2Trx $8--Trx--Zeitschriftenaufsatz $x07 $9391384341 
245Z/01 $a13.03 $x01 
245Z/01 $a06.04.02 $x02 
247C/01 $82080>Marburg/Lahn, Herder-Institut, Forschungsbibliothek, Bibliographieportal $9336309341
LEADER 00000caa a22000002c 4500
001 391935658
003 DE-603
005 20240529125029.0
007 tu
008 161111s2003 xx |||| | u00||u|pol c
035 |a (DE-599)HEB391935658 
040 |a DE-603  |b ger  |c DE-603  |d DE-603 
041 |a pol 
082 0 4 |8 1\u  |a 900.943809041  |q DE-101  |2 23/BSB 
084 |a 8  |2 ssgn 
085 |8 1\u  |b 900 
085 |8 1\u  |z 1  |s 09041 
085 |8 1\u  |z 1  |s 09042 
085 |8 1\u  |z 1  |s 09043 
085 |8 1\u  |z 2  |s 438 
085 |8 1\u  |z 2  |s 43849 
100 1 |a Matsuka, Jin  |d 1966-  |e Verfasser  |4 aut  |0 (DE-603)518710289  |0 (DE-588)1331087414  |2 gnd 
245 0 0 |a Aprowizacja ludności Poznania w czasie I wojny światowej  |c Jin Matsuka 
264 0 |c 2003 
773 0 8 |i In  |t Dzieje najnowsze  |d Warszawa ˜[u.a.] œ: DiG, 1969-  |x 0419-8824  |g Band 35, Heft 4 (2003), Seite 155-159  |w (DE-603)047599731  |w (DE-600)418852-4 
924 0 |9 2080  |a (DE-603)78803149X  |b DE-2080  |c HES  |d d  |g /